| 000 | 00466cam a2200169ua 4500 | ||
|---|---|---|---|
| 020 | _c595.00 | ||
| 041 |
_aeng _h |
||
| 082 |
_a510.10246 _bCAN/MO |
||
| 100 | _aCantrell, C D . | ||
| 245 |
_aModern mathematical methods for physicists and engineers / _cC D Cantrell. _hTextual Documents |
||
| 260 |
_aCambridge : _bCambridge University Press , _c2002. |
||
| 300 |
_a763 ; _eCD. |
||
| 365 | _a595.00 | ||
| 504 | _a | ||
| 942 | _cBK | ||
| 999 |
_c13276 _d13276 |
||